| 000 | 00508nam a2200169Ia 4500 | ||
|---|---|---|---|
| 999 |
_c21108 _d21108 |
||
| 003 | OSt | ||
| 005 | 20200609150231.0 | ||
| 008 | 190216s9999||||xx |||||||||||||| ||und|| | ||
| 020 | _a8126125152 | ||
| 040 | _coclc | ||
| 082 |
_a371.8220954 _bKUM/M |
||
| 100 |
_aKumar, A _92701 |
||
| 245 | 0 |
_aWomen Education Policies, Plan And Performance / _cA Kumar |
|
| 260 |
_bAnmol Publications, _aNew Delhi: _c2006. |
||
| 300 | _a445p | ||
| 942 |
_cBK _2ddc _h371.8220954 _iKUM/W _k371.8220954 _mKUM/W |
||